[Event "4NCL 2009-10"]
[Site "Sunningdale ENG"]
[Date "2010.02.20"]
[Round "5"]
[White "Devereaux,M"]
[Black "Byway,P"]
[Result "1-0"]
[WhiteElo "2387"]
[BlackElo "2158"]
[EventDate "2009.10.24"]

1. d4 Nf6 2. c4 e6 3. Nc3 d5 4. cxd5 exd5 5. Bg5 Nbd7 6. e3 c6 7. Bd3 Be7
8. Qc2 O-O 9. Nge2 Re8 10. O-O Nf8 11. f3 Be6 12. Nf4 h6 13. Nxe6 Nxe6 14.
Bh4 c5 15. Bf2 cxd4 16. exd4 a6 17. Rfe1 Qb6 18. Qd2 Bd6 19. Bc2 Qc7 20. g3
Ng5 21. Qd3 Nh3+ 22. Kg2 Nxf2 23. Kxf2 g6 24. Bb3 Qd7 25. Kg2 Kg7 26. f4
Rxe1 27. Rxe1 h5 28. Qf3 Bb4 29. Re5 Bxc3 30. bxc3 Rd8 31. h3 Qc6 32. f5
Rd7 33. fxg6 fxg6 34. Qe3 Rf7 35. Re6 Qc7 36. Bc2 Ne4 37. Bxe4 dxe4 38. Qg5
Rf2+ 39. Kxf2 Qf7+ 40. Qf6+ Qxf6+ 41. Rxf6 Kxf6 42. Ke3 Kf5 43. g4+ hxg4
44. hxg4+ Kxg4 45. Kxe4 Kg5 46. Ke5 Kh6 47. Kf6 g5 48. d5 g4 49. d6 g3 50.
d7 g2 51. d8=Q g1=Q 52. Qh8+ 1-0

[Event "4NCL 2009-10"]
[Site "Sunningdale ENG"]
[Date "2010.02.20"]
[Round "5"]
[White "Goodger,M"]
[Black "Knott,S"]
[Result "0-1"]
[WhiteElo "2147"]
[BlackElo "2348"]
[EventDate "2009.10.24"]

1. e4 e6 2. d4 d5 3. e5 c5 4. c3 Qb6 5. Nf3 Nc6 6. a3 Nh6 7. b4 cxd4 8.
cxd4 Nf5 9. Bb2 Bd7 10. g4 Nfe7 11. Nc3 Na5 12. Nd2 Rc8 13. Rc1 Ng6 14. h4
Be7 15. g5 h6 16. gxh6 Rxh6 17. h5 Qxd4 18. bxa5 Qxe5+ 19. Qe2 Qf5 20. a6
b6 21. Nb5 Rxc1+ 22. Bxc1 Nf4 23. Qf3 e5 24. Nxa7 e4 25. Nxe4 Re6 26. Bxf4
Rxe4+ 27. Be2 Rxf4 28. Qb3 Rxf2 29. Nb5 Rxe2+ 30. Kxe2 Qe4+ 31. Kd2 Bg5+
32. Kc3 Bf6+ 33. Kd2 Qg2+ 34. Ke1 Qxh1+ 35. Kd2 Qg2+ 36. Ke1 Bh4+ 37. Kd1
Bg4+ 38. Kc1 Bg5+ 39. Kb1 Bf5+ 40. Ka1 Qf1+ 41. Ka2 Qe2+ 42. Qb2 Qc4+ 43.
Ka1 Kd7 44. a7 Bf6 45. Nc3 Bxc3 0-1

[Event "4NCL 2009-10"]
[Site "Sunningdale ENG"]
[Date "2010.02.20"]
[Round "5"]
[White "McDonald,N"]
[Black "Slaby,Je"]
[Result "1/2-1/2"]
[WhiteElo "2412"]
[BlackElo "2463"]
[EventDate "2009.10.24"]

1. e4 e6 2. d4 d5 3. Nd2 dxe4 4. Nxe4 Bd7 5. Nf3 Bc6 6. Bd3 Nd7 7. O-O Be7
8. Re1 Ngf6 9. Nxf6+ Bxf6 10. c3 O-O 11. Bf4 Bxf3 12. Qxf3 c6 13. h4 Re8
14. h5 a5 15. Rad1 a4 16. a3 Qa5 17. Re2 Qd5 18. Be4 Qb5 19. Rde1 Rec8 20.
h6 g6 21. Bd3 Qd5 22. Re4 b5 23. Qe2 Nb6 24. Be5 Qd8 25. Qf3 Nd5 26. Rg4
Bg5 27. Qg3 Bf6 28. Be4 Bxe5 29. dxe5 Qf8 30. Bxd5 cxd5 31. Qe3 Rc4 32.
Rxc4 bxc4 33. g4 Rb8 34. Re2 Qe7 1/2-1/2

[Event "4NCL 2009-10"]
[Site "Sunningdale ENG"]
[Date "2010.02.20"]
[Round "5"]
[White "Slavin,A"]
[Black "Sowray,P"]
[Result "1-0"]
[WhiteElo "2331"]
[BlackElo "2318"]
[EventDate "2009.10.24"]

1. d4 Nf6 2. Nf3 g6 3. c4 Bg7 4. Nc3 d5 5. cxd5 Nxd5 6. e4 Nxc3 7. bxc3 c5
8. Rb1 O-O 9. Be2 cxd4 10. cxd4 Qa5+ 11. Bd2 Qxa2 12. O-O Bg4 13. Rxb7 Nc6
14. d5 Bxf3 15. Bxf3 Nd4 16. Rxe7 Nxf3+ 17. gxf3 a5 18. Be3 Qb2 19. Qa4 Qf6
20. d6 Qxd6 21. Rd7 Qf6 22. Kg2 Rfd8 23. Rb7 h5 24. Rc1 h4 25. Rcc7 h3+ 26.
Kg3 Rf8 27. f4 Rad8 28. Rc6 Qa1 29. Qxa1 Bxa1 30. Ra7 Bd4 31. Bxd4 Rxd4 32.
f3 Rd3 33. Rca6 Kg7 34. Rxa5 Rb8 35. Ra3 Rd2 36. Ra2 Rd1 37. Ra1 Rd2 38.
R1a2 Rd1 39. Kxh3 Rg1 40. Rg2 Rf1 41. Ra3 Kf6 42. Kg3 Rbb1 43. Kg4 Rbe1 44.
Ra6+ Ke7 45. Ra7+ Kf6 46. Ra5 Re3 47. Rg3 Re2 48. h3 Kg7 49. f5 Kh6 50.
fxg6 fxg6 51. Kf4 Rb2 52. Ra6 Kh5 53. Raxg6 1-0

[Event "4NCL 2009-10"]
[Site "Sunningdale ENG"]
[Date "2010.02.20"]
[Round "5"]
[White "Pein,M"]
[Black "Birtwistle,N"]
[Result "1/2-1/2"]
[WhiteElo "2391"]
[BlackElo "2179"]
[EventDate "2009.10.24"]

1. Nf3 c5 2. c4 g6 3. Nc3 Bg7 4. g3 Nc6 5. Bg2 Nf6 6. O-O O-O 7. d4 cxd4 8.
Nxd4 d6 9. b3 Nxd4 10. Qxd4 Nd5 11. Qxd5 Bxc3 12. Bh6 Bxa1 13. Bxf8 Qxf8
14. Rxa1 Qg7 15. Rd1 Qb2 16. Qd2 Qe5 17. f4 Qc5+ 18. Qd4 Qa5 19. Qe3 Be6
20. a4 Qb4 21. Kf2 a6 22. Bd5 Bxd5 23. Rxd5 e6 24. Rd4 Rc8 25. Qd3 Qc5 26.
e3 Rc6 27. Kg2 a5 28. e4 Rb6 29. Qc3 Rxb3 30. Qxb3 Qxd4 31. Qxb7 Qxc4 32.
Qa8+ Kg7 33. Qxa5 Qe2+ 34. Kg1 Qxe4 35. Qb5 Qd4+ 36. Kf1 e5 37. fxe5 dxe5
38. a5 e4 39. Ke2 e3 40. Qd3 Qb2+ 41. Kxe3 Qe5+ 42. Kf2 Qxa5 43. Qd4+ Kg8
44. h4 h5 45. Kf3 Qf5+ 1/2-1/2

[Event "4NCL 2009-10"]
[Site "Sunningdale ENG"]
[Date "2010.02.20"]
[Round "5"]
[White "Burrows,M"]
[Black "Houska,Jo"]
[Result "0-1"]
[WhiteElo "2172"]
[BlackElo "2381"]
[EventDate "2009.10.24"]

1. e4 c6 2. d4 d5 3. e5 Bf5 4. Nc3 a6 5. Be3 e6 6. g4 Bg6 7. Nge2 c5 8. h4
h5 9. Nf4 Ne7 10. Nxg6 Nxg6 11. gxh5 Nxh4 12. Qg4 Nf5 13. O-O-O cxd4 14.
Bxd4 Nxd4 15. Qxd4 Nc6 16. Qa4 Bb4 17. Ne2 Qa5 18. Qxa5 Bxa5 19. f4 g6 20.
Ng3 gxh5 21. Nxh5 Ke7 22. Be2 Bb6 23. Rdf1 Rh6 24. Kd2 Nd4 25. Bd1 Nf5 26.
Rf3 Rg8 27. Rb3 Ba5+ 28. Kc1 b6 29. Rbh3 Rg2 30. c3 b5 31. Nf6 Rxh3 32.
Rxh3 Bb6 33. Rh8 Be3+ 34. Kb1 Ng7 35. f5 Bf4 36. Nxd5+ exd5 37. f6+ Ke6 38.
fxg7 Rxg7 39. Ra8 Kxe5 40. Rxa6 b4 41. cxb4 d4 42. Be2 Ke4 43. Ra7 Be5 44.
Re7 Rg1+ 45. Kc2 f6 46. Kd2 Rg2 47. Rd7 Bf4+ 48. Kd1 Ke3 49. Bc4 Rxb2 50.
a3 Rd2+ 51. Kc1 d3 52. Bb3 Rh2 53. Bd1 Be5 54. Bb3 Rb2 55. Be6 d2+ 56. Kd1
Rb1+ 57. Kc2 Rc1+ 0-1

[Event "4NCL 2009-10"]
[Site "Sunningdale ENG"]
[Date "2010.02.20"]
[Round "5"]
[White "McFarland,R"]
[Black "Mangione,C"]
[Result "1-0"]
[WhiteElo "2215"]
[BlackElo "2074"]
[EventDate "2009.10.24"]

1. Nf3 g6 2. g3 Bg7 3. d4 c5 4. d5 Nf6 5. Bg2 O-O 6. O-O d6 7. c4 b5 8.
cxb5 a6 9. bxa6 Nbd7 10. Nc3 Nb6 11. Re1 Bxa6 12. h3 Nfd7 13. Nd2 Nc4 14.
Qc2 Qa5 15. Nxc4 Bxc4 16. Bd2 Rfb8 17. b3 Ba6 18. Na4 Qd8 19. Bc3 Qf8 20.
Rab1 Bb5 21. Bxg7 Qxg7 22. Nc3 Qd4 23. e3 Qb4 24. f4 Ra3 25. Rec1 Rba8 26.
Rb2 Qa5 27. Ra1 Qa6 28. Bf1 Bxf1 29. Rxf1 Qa5 30. Rf2 Qb4 31. Nb1 R3a7 32.
Nd2 Nb6 33. e4 Ra3 34. Kg2 Qa5 35. Nb1 Nd7 36. Nxa3 Qxa3 37. Qc4 h5 38.
Rbc2 Qa5 39. Rfe2 Qd8 40. e5 dxe5 41. fxe5 Nb6 42. Qxc5 Rc8 43. Qa5 Ra8 44.
Qd2 Nxd5 45. e6 Ra6 46. Qg5 Nf6 47. Kh2 Ra5 48. Rc8 Qxc8 49. exf7+ Kxf7 50.
Qxa5 1-0

[Event "4NCL 2009-10"]
[Site "Sunningdale ENG"]
[Date "2010.02.21"]
[Round "6"]
[White "Singleton,M"]
[Black "McShane,L"]
[Result "0-1"]
[WhiteElo "2159"]
[BlackElo "2615"]
[EventDate "2009.10.24"]

1. d4 Nf6 2. c4 g6 3. Nc3 Bg7 4. e4 d6 5. Be2 O-O 6. Bg5 Na6 7. Qd2 e5 8.
dxe5 dxe5 9. Qxd8 Rxd8 10. Nd5 Rd6 11. Bxf6 Bxf6 12. Nxf6+ Rxf6 13. Nf3 Re6
14. Rd1 Re8 15. O-O Bg4 16. h3 Bxf3 17. Bxf3 Re7 18. Rd5 c6 19. Rd2 Nc5 20.
Rfd1 a5 21. Rd8+ Re8 22. Rxa8 Rxa8 23. g3 Ra6 24. Bg2 Rb6 25. Rd2 Rb4 26.
Rc2 Ne6 27. b3 a4 28. bxa4 Rxa4 29. Rb2 Nc5 30. Rc2 Rb4 31. f3 Ne6 32. Bf1
Nd4 33. Rc3 Rb2 34. f4 Rxa2 35. c5 Kf8 36. fxe5 Ke7 37. h4 Rb2 38. Bc4 h6
39. Kf1 Ne6 40. Rf3 Rc2 41. Bxe6 Kxe6 42. Rb3 Rxc5 43. Rxb7 Rc2 44. Rc7 h5
45. Ke1 c5 46. Kd1 Rc3 47. Kd2 Rxg3 48. Rxc5 Rh3 49. Ra5 Rxh4 50. Kd3 Rh1
51. Kd4 Rd1+ 52. Ke3 g5 53. Kf3 Rd3+ 54. Kf2 h4 55. Ke2 Rg3 56. Kf2 g4 57.
Rb5 Rf3+ 58. Ke2 h3 0-1

[Event "4NCL 2009-10"]
[Site "Sunningdale ENG"]
[Date "2010.02.21"]
[Round "6"]
[White "Eckloff,C"]
[Black "Arakhamia-Grant,K"]
[Result "0-1"]
[WhiteElo "2100"]
[BlackElo "2499"]
[EventDate "2009.10.24"]

1. e4 c5 2. c3 d5 3. exd5 Qxd5 4. d4 Nf6 5. Nf3 e6 6. Nbd2 cxd4 7. Bc4 Qd8
8. Nxd4 Be7 9. N2f3 O-O 10. O-O a6 11. Qe2 Qc7 12. Re1 Nc6 13. Bg5 Nxd4 14.
Nxd4 Re8 15. Bb3 Bd7 16. Rad1 Rad8 17. Bc2 Bc8 18. Rd3 g6 19. Rf3 Nd5 20.
Bxe7 Rxe7 21. Bb3 e5 22. Bxd5 Rxd5 23. Re3 b5 24. Nf3 f6 25. Nd2 Qc6 26. f4
Bb7 27. Nb3 Qb6 28. Kh1 e4 29. Nd4 f5 30. Qf2 Red7 31. h3 Qf6 32. Kh2 R5d6
33. g3 Bd5 34. a3 Rd8 35. h4 Bc4 36. Kg2 Bd3 37. Kh2 a5 38. Rg1 h5 39. Ra1
Rb8 40. Qe1 Bc4 41. Rd1 b4 42. axb4 axb4 43. Qf2 bxc3 44. bxc3 Ra6 45. Ree1
Ra3 46. Rc1 Qb6 47. Qd2 Bd3 48. Kh3 Rba8 49. Qe3 Ra2 50. Qg1 Qb2 51. Ne6
Be2 52. g4 fxg4+ 53. Kg3 Bf3 54. f5 Qb8+ 0-1

[Event "4NCL 2009-10"]
[Site "Sunningdale ENG"]
[Date "2010.02.21"]
[Round "6"]
[White "Tissir,M"]
[Black "Stimpson,P"]
[Result "1-0"]
[WhiteElo "2466"]
[BlackElo "2085"]
[EventDate "2009.10.24"]

1. e4 e6 2. d4 d5 3. Nd2 Nf6 4. e5 Nfd7 5. Bd3 c5 6. c3 Nc6 7. Ne2 cxd4 8.
cxd4 f6 9. exf6 Qxf6 10. Nf3 h6 11. O-O Bd6 12. Ng3 O-O 13. b3 e5 14. dxe5
Ndxe5 15. Nxe5 Nxe5 16. Bb2 Qf4 17. Bc2 Be6 18. Qe2 Rae8 19. Rae1 Bf5 20.
Bxf5 Rxf5 21. Qb5 Ref8 22. Qxd5+ Kh8 23. Qe4 Ng4 24. Qxf4 Rxf4 25. h3 Rxf2
26. Rxf2 Rxf2 27. Bd4 Bxg3 28. Re8+ Kh7 29. Bxf2 Bxf2+ 30. Kf1 Nf6 31. Re7
Bb6 32. Rxb7 Ne4 33. Rd7 Nc3 34. a3 Kg6 35. a4 Kf6 36. a5 Bc5 37. b4 Bxb4
38. Rxa7 Nd5 39. a6 Ne3+ 40. Ke2 Nxg2 41. Rc7 Nf4+ 42. Kf1 Ne6 43. Rc6 Bc5
44. Rxc5 1-0

[Event "4NCL 2009-10"]
[Site "Sunningdale ENG"]
[Date "2010.02.21"]
[Round "6"]
[White "Roset,C"]
[Black "Hanley,C"]
[Result "0-1"]
[WhiteElo "2056"]
[BlackElo "2429"]
[EventDate "2009.10.24"]

1. e4 e5 2. f4 exf4 3. Bc4 Nf6 4. Nc3 Bb4 5. e5 d5 6. Bb5+ c6 7. exf6 cxb5
8. Qe2+ Be6 9. Qxb5+ Nc6 10. Qxb7 Rc8 11. Nf3 O-O 12. fxg7 Re8 13. O-O d4
14. Ne2 Bc4 15. Nexd4 Nxd4 16. Qxb4 Nxf3+ 17. gxf3 Qg5+ 0-1

[Event "4NCL 2009-10"]
[Site "Sunningdale ENG"]
[Date "2010.02.21"]
[Round "6"]
[White "Greet,A"]
[Black "Shaw,D"]
[Result "1-0"]
[WhiteElo "2431"]
[BlackElo "2241"]
[EventDate "2009.10.24"]

1. d4 Nf6 2. c4 g6 3. g3 Bg7 4. Bg2 O-O 5. Nf3 d6 6. Nc3 Nc6 7. O-O e5 8.
d5 Nb8 9. e4 a5 10. Ne1 Na6 11. Rb1 Nc5 12. b3 Nh5 13. a3 f5 14. f3 f4 15.
b4 fxg3 16. hxg3 axb4 17. axb4 Nd7 18. Ne2 Rf7 19. Qb3 Qf8 20. Nc2 Bh6 21.
Bxh6 Qxh6 22. Qe3 g5 23. Ra1 Rb8 24. Qa7 b6 25. Qxc7 Qf8 26. Ne3 Rb7 27.
Qc6 Nb8 28. Qa4 Bd7 29. Qc2 Qc8 30. Rac1 Na6 31. Qd2 g4 32. f4 Nxg3 33.
Nxg3 exf4 34. Nef5 fxg3 35. Nh6+ Kh8 36. Rxf7 1-0

[Event "4NCL 2009-10"]
[Site "Sunningdale ENG"]
[Date "2010.02.21"]
[Round "6"]
[White "Bryant,R"]
[Black "Martin,Andrew"]
[Result "0-1"]
[WhiteElo "1945"]
[BlackElo "2423"]
[EventDate "2009.10.24"]

1. Nc3 Nf6 2. e4 e5 3. Nf3 Bb4 4. Bc4 O-O 5. d3 c6 6. a3 Ba5 7. b4 Bc7 8.
O-O h6 9. h3 d5 10. Bb3 a5 11. Bb2 dxe4 12. Nxe4 Nxe4 13. dxe4 Qe7 14. Qe2
Nd7 15. Rfd1 Re8 16. c3 Nf8 17. Ne1 Ne6 18. Nd3 Qf6 19. Qe3 Ng5 20. Re1 Ne6
21. Rad1 Nf4 22. Kh2 g5 23. Bc1 Qg6 24. f3 axb4 25. cxb4 Ne6 26. Nc5 Nd4
27. Bb2 b6 28. Na4 Be6 29. Bxe6 Qxe6 30. Nc3 Nc2 31. Qc1 Nxe1 32. Rxe1 Red8
33. h4 f6 34. Ne2 gxh4 35. g3 Kh7 36. Qe3 f5 37. exf5 Qxf5 38. Bc1 Qg6 39.
Rg1 Rd3 0-1

[Event "4NCL 2009-10"]
[Site "Sunningdale ENG"]
[Date "2010.02.21"]
[Round "6"]
[White "Cernousek,L"]
[Black "Rowson,J"]
[Result "1/2-1/2"]
[WhiteElo "2417"]
[BlackElo "2579"]
[EventDate "2009.10.24"]

1. e4 c5 2. Nf3 d6 3. d4 Nf6 4. Nc3 cxd4 5. Nxd4 a6 6. Bg5 e6 7. f4 Be7 8.
Qf3 Qc7 9. O-O-O Nbd7 10. Bd3 h6 11. Bh4 g5 12. fxg5 Ne5 13. Qe2 Nh7 14.
Nf3 hxg5 15. Nxe5 dxe5 16. Bg3 Nf8 17. Bc4 Bd7 18. Bb3 Rd8 19. Rdf1 Ng6 20.
Qg4 b5 21. a3 a5 22. Nd1 Rc8 23. Rf3 a4 24. Rc3 Qb7 25. Rxc8+ Bxc8 26. Ba2
Nf4 27. Qf3 g4 28. Qxg4 Qxe4 29. Qg7 Ng6 30. Re1 Qxg2 31. Rxe5 Bf8 32. Qf6
Bh6+ 33. Kb1 Qd2 34. Ne3 Bxe3 35. Bxe6 Nxe5 36. Qxh8+ Ke7 37. Bxc8 Qd1+ 38.
Ka2 Qd5+ 39. Kb1 Qd1+ 40. Ka2 Qd5+ 41. Kb1 1/2-1/2

[Event "4NCL 2009-10"]
[Site "Sunningdale ENG"]
[Date "2010.02.21"]
[Round "6"]
[White "Flear,G"]
[Black "Jirka,J"]
[Result "1-0"]
[WhiteElo "2497"]
[BlackElo "2404"]
[EventDate "2009.10.24"]

1. d4 d5 2. c4 c6 3. Nc3 Nf6 4. e3 a6 5. Qc2 b5 6. b3 Bg4 7. Nge2 Nbd7 8.
h3 Bh5 9. Nf4 Bg6 10. Nxg6 hxg6 11. Bb2 e6 12. c5 Be7 13. O-O-O Qc7 14. Kb1
O-O 15. g4 e5 16. Bg2 e4 17. f3 exf3 18. Bxf3 b4 19. Ne2 Rfe8 20. g5 Ne4
21. Bxe4 dxe4 22. h4 Nf8 23. Rdf1 Bd8 24. Rf4 Ne6 25. Rxe4 Qd7 26. Rf1 Bc7
27. Nc1 a5 28. Nd3 Rad8 29. Qf2 Re7 30. Qg2 Qd5 31. Rg4 Qxg2 32. Rxg2 Bb8
33. Rf3 Rde8 34. Bc1 Nf8 35. Bd2 Re4 36. Rh3 f5 37. gxf6 gxf6 38. Kc2 R8e7
39. Nf2 R4e6 40. Kd3 Rd7 41. Kc4 Re8 42. e4 Kf7 43. Rd3 f5 44. e5 Bc7 45.
Nh3 Bd8 46. Bg5 Ne6 47. Bxd8 Rdxd8 48. Ng5+ Nxg5 49. Rxg5 Rh8 50. Rh3 Rdg8
51. h5 Ke7 52. d5 cxd5+ 53. Kxd5 Rd8+ 54. Kc4 Rxh5 55. Rhxh5 gxh5 56. Rxf5
Rh8 57. c6 Ke6 58. Rf2 Kxe5 59. Kc5 h4 60. c7 h3 61. Kb6 1-0

[Event "4NCL 2009-10"]
[Site "Sunningdale ENG"]
[Date "2010.02.21"]
[Round "6"]
[White "Richardson,Joh"]
[Black "Emms,J"]
[Result "1/2-1/2"]
[WhiteElo "2298"]
[BlackElo "2484"]
[EventDate "2009.10.24"]

1. d4 Nf6 2. c4 e6 3. Nc3 Bb4 4. e3 O-O 5. Nge2 d5 6. a3 Bd6 7. c5 Be7 8.
Ng3 Nbd7 9. f4 c6 10. Bd3 b6 11. b4 a5 12. Bd2 Ba6 13. Bxa6 Rxa6 14. O-O
Qa8 15. Rb1 axb4 16. axb4 Qb7 17. Nh5 Nxh5 18. Qxh5 f5 19. Qe2 Ra3 20. g4
fxg4 21. Qxg4 Rf5 22. Qd1 Rf8 23. Qg4 Rf6 24. Kh1 bxc5 25. bxc5 Qa6 26. Qe2
Qa8 27. Rb2 Ra1 28. Rxa1 Qxa1+ 29. Rb1 Qa8 30. Be1 Rf8 31. Qa2 Nf6 32. Qxa8
Rxa8 33. h3 Kf7 34. Kg1 Bd8 35. Kf2 Ra3 36. Kf3 Kg6 37. Ne2 Ne4 38. Ng3
Nxg3 39. Bxg3 Bf6 40. Rb4 Kf5 41. Bf2 h6 42. h4 g6 43. Bg3 g5 44. hxg5 hxg5
45. fxg5 Bxg5 46. Bf2 e5 47. dxe5 Kxe5 48. Rb6 Bxe3 49. Bxe3 d4 50. Rxc6
Rxe3+ 51. Kf2 Kd5 52. Rc8 Kc4 53. c6 Re6 54. Rd8 Rxc6 55. Ke2 Kc3 56. Rd7
Re6+ 57. Kd1 Rh6 58. Rc7+ Kd3 59. Kc1 Rh1+ 60. Kb2 Kd2 61. Rd7 d3 62. Rg7
Rh8 63. Rg2+ Ke3 64. Rg3+ Ke2 65. Rg2+ Kf3 66. Rg7 Rc8 67. Rf7+ Ke2 68. Rh7
Rf8 69. Kc3 Rc8+ 70. Kb2 d2 71. Rh2+ Ke3 72. Rh3+ Ke4 73. Rh4+ Kf3 74. Rh3+
Kf2 75. Rh2+ Ke3 1/2-1/2

[Event "4NCL 2009-10"]
[Site "Sunningdale ENG"]
[Date "2010.02.21"]
[Round "6"]
[White "Hunt,H"]
[Black "Wheeler,D"]
[Result "1-0"]
[WhiteElo "2452"]
[BlackElo "2240"]
[EventDate "2009.10.24"]

1. e4 e6 2. d4 d5 3. Nd2 Nf6 4. e5 Nfd7 5. c3 c5 6. Bd3 Nc6 7. Ne2 cxd4 8.
cxd4 f6 9. exf6 Nxf6 10. O-O Bd6 11. Nf3 Qc7 12. Bg5 O-O 13. Rc1 h6 14. Bh4
Nh5 15. Bg3 Nxg3 16. Nxg3 Qf7 17. Qe2 Bd7 18. Ne5 Nxe5 19. dxe5 Qf4 20. Bb1
Qxe5 21. Qc2 Be7 22. Rfe1 Qf6 23. Qh7+ Kf7 24. Rc3 Rh8 25. Qd3 Rac8 26. Rb3
Bc6 27. Nh5 Qg5 28. Qe2 Bd7 29. Rg3 Qc1 30. Rxg7+ Kf8 31. h3 Qc5 32. Qe5
Ke8 33. Nf6+ Kd8 34. Nxd7 1-0

[Event "4NCL 2009-10"]
[Site "Sunningdale ENG"]
[Date "2010.02.21"]
[Round "6"]
[White "Snape,I"]
[Black "Ward,C"]
[Result "0-1"]
[WhiteElo "2189"]
[BlackElo "2431"]
[EventDate "2009.10.24"]

1. e4 e6 2. d4 d5 3. Nc3 Bb4 4. e5 c5 5. a3 Bxc3+ 6. bxc3 Qa5 7. Bd2 Qa4 8.
h4 Nc6 9. h5 Bd7 10. Nf3 h6 11. Rh4 c4 12. Rg4 Rh7 13. Rf4 f6 14. g4 O-O-O
15. Ra2 Rh8 16. Bh3 Qa5 17. Kf1 fxe5 18. dxe5 Nge7 19. Rf7 Rhg8 20. g5 Rdf8
21. Rxf8+ Rxf8 22. gxh6 gxh6 23. Bxh6 Rh8 24. Qd2 Ng8 25. Bf8 Qd8 26. Bd6
Rxh5 27. Bg4 Rh1+ 28. Kg2 Rh6 29. Ng5 Rg6 30. f4 Nh6 31. Kf3 Nxg4 32. Kxg4
Qh8 33. Ra1 Rh6 34. Rg1 Rh2 35. Rg2 Qh5+ 36. Kg3 Qh4+ 37. Kf3 Rh1 38. Qf2
Qh5+ 39. Ke3 Be8 40. Qf3 Qh6 41. Qg4 Nd8 42. Rg1 Bg6 43. Kd2 Qh2+ 44. Rg2
Bh5 45. Nf3 Bxg4 46. Nxh2 Bh3 47. Rf2 Nf7 48. Bf8 Kd7 49. Nf3 Ke8 50. Bb4
b6 51. Ng5 Nh6 52. Nh7 Nf5 53. Nf6+ Kf7 54. a4 Ng3 55. a5 bxa5 56. Bxa5 Kg6
57. Rf3 Ne4+ 58. Nxe4 dxe4 59. f5+ exf5 60. Rg3+ Bg4 61. Ke3 Rd1 62. Bb4
Kf7 63. Rg2 Ke6 64. Bd6 Kd5 65. Rh2 Re1+ 66. Kd2 Rg1 67. Ke3 Rg3+ 68. Kf4
Rf3+ 69. Kg5 e3 70. Kf6 f4 71. Bb8 Rf2 72. Rh8 e2 73. Rd8+ Kc6 74. Bxa7
e1=Q 0-1

[Event "4NCL 2009-10"]
[Site "Sunningdale ENG"]
[Date "2010.02.21"]
[Round "6"]
[White "Bellin,J"]
[Black "Sahl,S"]
[Result "0-1"]
[WhiteElo "2151"]
[BlackElo "2183"]
[EventDate "2009.10.24"]

1. d4 d5 2. Nf3 c6 3. c4 Nf6 4. e3 g6 5. Nbd2 Bg7 6. g3 dxc4 7. Bg2 b5 8.
a4 O-O 9. O-O Bb7 10. e4 e5 11. d5 a6 12. Nxe5 cxd5 13. exd5 Nxd5 14. Ndf3
Nd7 15. Bg5 Qc7 16. Nxd7 Qxd7 17. axb5 axb5 18. Qe2 Rfe8 19. Rxa8 Bxa8 20.
Qd2 Nb6 21. Qb4 Na4 22. b3 Bf8 23. Qa5 cxb3 24. Bf6 Qf5 25. Nh4 Qxf6 26.
Bxa8 Qd8 27. Qxd8 Rxd8 28. Bc6 Nc3 0-1

[Event "4NCL 2009-10"]
[Site "Sunningdale ENG"]
[Date "2010.02.21"]
[Round "6"]
[White "Auckland,E"]
[Black "Daley,E"]
[Result "0-1"]
[WhiteElo "2010"]
[BlackElo "1736"]
[EventDate "2009.10.24"]

1. c4 Nf6 2. Nc3 g6 3. g3 Bg7 4. Bg2 O-O 5. Nf3 d6 6. O-O e5 7. d3 Nc6 8.
Rb1 a5 9. a3 Nh5 10. e4 f5 11. exf5 Bxf5 12. Nh4 Be6 13. Ne4 Nf4 14. gxf4
Qxh4 15. Ng5 Bg4 16. Qb3 Nd4 17. Qxb7 exf4 18. Qd5+ Kh8 19. Be3 Ne2+ 20.
Kh1 f3 21. Rg1 Nxg1 22. Rxg1 fxg2+ 23. Rxg2 Rae8 24. Bd4 Re1+ 25. Rg1 Bf3+
26. Nxf3 Rxg1+ 27. Kxg1 Qg4+ 28. Kf1 Qxf3 29. Bf6 Qxf6 0-1

[Event "4NCL 2009-10"]
[Site "Sunningdale ENG"]
[Date "2010.02.21"]
[Round "6"]
[White "Berry,N"]
[Black "Pinter,G"]
[Result "1-0"]
[WhiteElo "2301"]
[BlackElo "2349"]
[EventDate "2009.10.24"]

1. d4 Nf6 2. c4 g6 3. Nc3 Bg7 4. e4 d6 5. Nf3 O-O 6. Be2 e5 7. O-O Na6 8.
Be3 Ng4 9. Bg5 Qe8 10. Re1 c6 11. d5 f6 12. Bc1 c5 13. Rb1 f5 14. a3 Kh8
15. b4 b6 16. Bd3 f4 17. bxc5 Nxc5 18. a4 Bd7 19. a5 bxa5 20. Ba3 Qc8 21.
Re2 Nf6 22. Reb2 Ne8 23. Be2 Bf6 24. Nd2 Bd8 25. Nb3 Nxb3 26. Qxb3 Bb6 27.
Nb5 Rf6 28. Qc3 Bxb5 29. Rxb5 Nc7 30. Rxb6 axb6 31. Bxd6 Kg8 32. Bxe5 Rf7
33. Rxb6 a4 34. Qa3 Qe8 35. Bb2 h6 36. Rxg6+ Kh7 37. Rb6 Qxe4 38. Bd3 1-0

[Event "4NCL 2009-10"]
[Site "Sunningdale ENG"]
[Date "2010.02.21"]
[Round "6"]
[White "Mah,K"]
[Black "Piper,M"]
[Result "1-0"]
[WhiteElo "2417"]
[BlackElo "2304"]
[EventDate "2009.10.24"]

1. c4 e5 2. g3 Nc6 3. Bg2 g6 4. Nc3 Bg7 5. Rb1 d6 6. b4 a6 7. d3 f5 8. e3
Nf6 9. Nge2 O-O 10. O-O h6 11. Nd5 g5 12. Nec3 Ne7 13. Nxf6+ Bxf6 14. d4
Ng6 15. dxe5 Bxe5 16. Bd2 Rb8 17. f4 gxf4 18. exf4 Bd4+ 19. Kh1 Be6 20. Qe2
Qd7 21. Rfe1 Rfe8 22. Qd3 Bg7 23. Nd5 c6 24. Ne3 Rbd8 25. Bc3 Bxc3 26. Qxc3
Qg7 27. Qd3 Qf6 28. a4 Ne7 29. b5 axb5 30. axb5 d5 31. cxd5 cxd5 32. Nc2 d4
33. Rb4 Nd5 34. Rxd4 Nb4 35. Qd2 Nxc2 36. Rxd8 Rxd8 37. Qxc2 Bd5 38. Bxd5+
Rxd5 39. Qc8+ Rd8 40. Qxb7 Qc3 41. Qe7 Rd1 42. Qe6+ Kg7 43. Rxd1 Qf3+ 44.
Kg1 Qxd1+ 45. Kg2 Qc2+ 46. Kh3 Qb1 47. b6 Qf1+ 48. Kh4 Qd1 49. Qe7+ Kg6 50.
Qe8+ Kg7 51. h3 1-0

[Event "4NCL 2009-10"]
[Site "Sunningdale ENG"]
[Date "2010.02.21"]
[Round "6"]
[White "Morrison,G SCO"]
[Black "Moskovic,D"]
[Result "1-0"]
[WhiteElo "2353"]
[BlackElo "2307"]
[EventDate "2009.10.24"]

1. d4 Nf6 2. c4 g6 3. Nc3 Bg7 4. e4 d6 5. Nf3 O-O 6. Be2 Na6 7. O-O e5 8.
Re1 c6 9. Bf1 exd4 10. Nxd4 Ng4 11. h3 Qb6 12. hxg4 Qxd4 13. g5 Qe5 14. Be3
Nc5 15. f4 Qe7 16. Bd4 Bxd4+ 17. Qxd4 Ne6 18. Qd2 f6 19. gxf6 Qxf6 20. g3
Nd4 21. Bg2 Bg4 22. Re3 Rae8 23. Rae1 Qg7 24. Rd3 c5 25. Nb5 Nxb5 26. cxb5
Rf6 27. Rxd6 Rxd6 28. Qxd6 Qxb2 29. Qxc5 b6 30. Qc4+ Be6 31. Qe2 Qc3 32.
Qe3 Qb2 33. a4 Rd8 34. f5 Rd2 35. Bf1 Ba2 36. Re2 Rxe2 37. Bxe2 Qe5 38. Kf2
Kg7 39. a5 Bb1 40. axb6 axb6 41. Qxb6 Bxe4 42. f6+ Qxf6+ 43. Qxf6+ Kxf6 44.
b6 Bb7 45. Bf3 Ba6 46. Ke3 Ke5 47. Be4 Bc8 48. Kf3 Ba6 49. b7 Bxb7 50. Bxb7
h5 51. Bc8 Kf6 52. Kg2 g5 53. Kh3 Kg6 54. Bd7 Kf7 55. Ba4 Kf6 56. Be8 h4
57. g4 Ke5 58. Kg2 Kf4 59. Bd7 Ke3 60. Bf5 Ke2 61. Be4 Ke3 62. Bf5 Ke2 63.
Be4 Ke3 64. Bf3 Kd2 65. Kf2 Kd3 66. Bb7 Kd2 67. Be4 Kd1 68. Ke3 1-0

[Event "4NCL 2009-10"]
[Site "Sunningdale ENG"]
[Date "2010.02.21"]
[Round "6"]
[White "Bisby,D"]
[Black "Lewis,An"]
[Result "1-0"]
[WhiteElo "2297"]
[BlackElo "2273"]
[EventDate "2009.10.24"]

1. d4 Nf6 2. Nf3 g6 3. Nc3 Bg7 4. Bf4 O-O 5. Qd2 c5 6. dxc5 Na6 7. e4 Nxc5
8. e5 Nfe4 9. Nxe4 Nxe4 10. Qd5 Qb6 11. Qxe4 Qxb2 12. Rd1 d6 13. Bc4 Bf5
14. Qd4 Qb4+ 15. Bd2 Qa3 16. O-O dxe5 17. Qh4 a5 18. Bh6 Qc3 19. Ng5 e4 20.
Bxg7 Kxg7 21. Qxh7+ Kf6 22. Nxe4+ Bxe4 23. Qh4+ Kf5 24. Bd3 Bxd3 25. Rxd3
Qb4 26. Rd4 Qc3 27. Qf4+ Ke6 28. Re4+ Kd7 29. Rd1+ Ke8 30. Rxe7+ Kxe7 31.
Qd6+ Ke8 32. Qd7+ 1-0

[Event "4NCL 2009-10"]
[Site "Sunningdale ENG"]
[Date "2010.02.21"]
[Round "6"]
[White "Poobalasingam,P"]
[Black "Spencer,C"]
[Result "1-0"]
[WhiteElo "2312"]
[BlackElo "2136"]
[EventDate "2009.10.24"]

1. d4 e6 2. c4 Nf6 3. Nc3 Bb4 4. f3 c5 5. d5 b5 6. e4 bxc4 7. dxe6 fxe6 8.
Bxc4 d5 9. Bb5+ Bd7 10. Bxd7+ Nbxd7 11. exd5 exd5 12. a3 Ba5 13. Nge2 d4
14. b4 Bb6 15. Na4 O-O 16. bxc5 Nxc5 17. Nxb6 Qxb6 18. Qxd4 Rad8 19. Qc4+
Kh8 20. Be3 Qa5+ 21. Kf1 Nd3 22. Bd4 Rxd4 23. Nxd4 Qd2 24. Qc2 Qe3 25. Rd1
Ne5 26. Qe2 Nfg4 27. h3 Qh6 28. Nf5 Qf4 29. hxg4 Nxg4 30. Qe4 Qxf5 31. Qxf5
Ne3+ 32. Kf2 Nxf5 33. Rd7 1-0

[Event "4NCL 2009-10"]
[Site "Sunningdale ENG"]
[Date "2010.02.21"]
[Round "6"]
[White "Pickard,C"]
[Black "Chapman,T"]
[Result "1/2-1/2"]
[WhiteElo "2191"]
[BlackElo "2222"]
[EventDate "2009.10.24"]

1. c4 Nf6 2. g3 c5 3. Bg2 g6 4. Nc3 Bg7 5. e4 Nc6 6. Nge2 O-O 7. O-O d6 8.
Rb1 Ne8 9. a3 a5 10. d3 Nc7 11. Nd5 Na6 12. Bd2 e6 13. Ne3 Bd7 14. Bc3 Nd4
15. f4 Rb8 16. Rf2 f5 17. Qe1 a4 18. Rc1 b5 19. cxb5 Bxb5 20. Nc4 fxe4 21.
Ba5 Qd7 22. dxe4 Bxc4 23. Rxc4 Qb5 24. Nxd4 Qxc4 25. Bf1 Qa2 26. Nb5 Rxb5
27. Bxb5 Bd4 28. Bc3 Bxf2+ 29. Kxf2 Nc7 30. Bxa4 Qc4 31. Bd1 Re8 32. Qe3 d5
33. Be2 Qxe4 34. Qxc5 d4 35. Bxd4 Nd5 36. Bf3 Qf5 37. Be5 Qd3 38. g4 Qd2+
39. Kg3 Qe1+ 40. Qf2 Qxf2+ 41. Kxf2 Rc8 1/2-1/2